[Event "ODJM A 2025"]
[Site "Willingen GER"]
[Date "2025.06.10"]
[Round "4"]
[White "Kololli, Martin"]
[Black "Kliashtornyi, Arkadii"]
[Result "1-0"]
[Termination "normal"]
[Board "1"]
[WhiteTitle "FM"]
[WhiteElo "2311"]
[BlackElo "2194"]
[WhiteClock "00:09:13"]
[BlackClock "00:01:37"]
[PlyCount "111"]
[WhiteFideId "12936910"]
[BlackFideId "34119698"]
[EventCountry "GER"]
[EventRounds "9"]
[EventType "swiss"]
[EventDate "2025.06.07"]

1. e4 {[%clk 01:30:57]} {[%emt 00:00:04]} c6 {[%clk 01:30:54]} {[%emt
00:00:08]} 2. c4 {[%clk 01:31:17]} {[%emt 00:00:08]} d5 {[%clk 01:31:20]}
{[%emt 00:00:04]} 3. exd5 {[%clk 01:31:42]} {[%emt 00:00:04]} cxd5 {[%clk
01:31:45]} {[%emt 00:00:04]} 4. cxd5 {[%clk 01:31:36]} {[%emt 00:00:36]} Nf6
{[%clk 01:32:08]} {[%emt 00:00:08]} 5. Nc3 {[%clk 01:32:00]} {[%emt 00:00:06]}
Nxd5 {[%clk 01:32:26]} {[%emt 00:00:11]} 6. Nf3 {[%clk 01:32:23]} {[%emt
00:00:08]} Nc6 {[%clk 01:32:37]} {[%emt 00:00:19]} 7. Bc4 {[%clk 01:31:07]}
{[%emt 00:01:46]} Nb6 {[%clk 01:32:02]} {[%emt 00:01:05]} 8. Bb5 {[%clk
01:31:21]} {[%emt 00:00:16]} g6 {[%clk 01:27:16]} {[%emt 00:05:15]} 9. d4
{[%clk 01:31:20]} {[%emt 00:00:32]} Bg7 {[%clk 01:26:23]} {[%emt 00:01:23]} 10.
O-O {[%clk 01:31:16]} {[%emt 00:00:33]} O-O {[%clk 01:25:29]} {[%emt 00:01:25]}
11. Bxc6 {[%clk 01:31:36]} {[%emt 00:00:11]} bxc6 {[%clk 01:25:50]} {[%emt
00:00:09]} 12. h3 {[%clk 01:31:56]} {[%emt 00:00:08]} Qc7 {[%clk 01:21:04]}
{[%emt 00:05:16]} 13. Re1 {[%clk 01:28:26]} {[%emt 00:04:01]} Rd8 {[%clk
01:17:14]} {[%emt 00:04:19]} 14. Bg5 {[%clk 01:25:16]} {[%emt 00:03:39]} Be6
{[%clk 01:06:08]} {[%emt 00:11:38]} 15. Qc1 {[%clk 01:14:11]} {[%emt 00:11:35]}
Rac8 {[%clk 00:53:03]} {[%emt 00:13:36]} 16. Bf4 {[%clk 01:02:45]} {[%emt
00:11:55]} Qd7 {[%clk 00:49:22]} {[%emt 00:04:11]} 17. Ne4 {[%clk 00:44:23]}
{[%emt 00:18:51]} Bf5 {[%clk 00:41:11]} {[%emt 00:08:41]} 18. Be5 {[%clk
00:25:28]} {[%emt 00:19:25]} Qd5 {[%clk 00:37:14]} {[%emt 00:04:28]} 19. Nc3
{[%clk 00:24:26]} {[%emt 00:01:31]} Qd7 {[%clk 00:34:54]} {[%emt 00:02:49]} 20.
Bxg7 {[%clk 00:21:21]} {[%emt 00:03:36]} Kxg7 {[%clk 00:35:19]} {[%emt
00:00:05]} 21. Qf4 {[%clk 00:18:22]} {[%emt 00:03:29]} Qd6 {[%clk 00:33:23]}
{[%emt 00:02:27]} 22. Qg5 {[%clk 00:13:52]} {[%emt 00:05:00]} Rc7 {[%clk
00:25:31]} {[%emt 00:08:22]} 23. Rac1 {[%clk 00:12:24]} {[%emt 00:01:57]} h6
{[%clk 00:22:15]} {[%emt 00:03:46]} 24. Qe3 {[%clk 00:11:47]} {[%emt 00:01:07]}
Nd5 {[%clk 00:19:37]} {[%emt 00:03:08]} 25. Nxd5 {[%clk 00:12:07]} {[%emt
00:00:10]} Qxd5 {[%clk 00:19:36]} {[%emt 00:00:32]} 26. Rc5 {[%clk 00:12:29]}
{[%emt 00:00:07]} Qd6 {[%clk 00:19:12]} {[%emt 00:00:54]} 27. d5 {[%clk
00:09:59]} {[%emt 00:03:00]} Rdc8 {[%clk 00:13:59]} {[%emt 00:05:43]} 28. Rec1
{[%clk 00:06:51]} {[%emt 00:03:38]} Kh7 {[%clk 00:12:25]} {[%emt 00:02:05]} 29.
Qc3 {[%clk 00:06:39]} {[%emt 00:00:42]} Be4 {[%clk 00:10:41]} {[%emt 00:02:14]}
30. Nd4 {[%clk 00:05:36]} {[%emt 00:01:33]} Qf6 {[%clk 00:08:35]} {[%emt
00:02:35]} 31. Nb5 {[%clk 00:03:49]} {[%emt 00:02:17]} Qxc3 {[%clk 00:04:58]}
{[%emt 00:04:07]} 32. Nxc3 {[%clk 00:02:19]} {[%emt 00:02:01]} Bd3 {[%clk
00:04:19]} {[%emt 00:01:09]} 33. Nd1 {[%clk 00:01:26]} {[%emt 00:01:22]} Be4
{[%clk 00:03:50]} {[%emt 00:00:58]} 34. Ne3 {[%clk 00:01:52]} {[%emt 00:00:05]}
e6 {[%clk 00:03:36]} {[%emt 00:00:44]} 35. d6 {[%clk 00:00:55]} {[%emt
00:01:27]} Rd7 {[%clk 00:03:47]} {[%emt 00:00:19]} 36. f3 {[%clk 00:01:18]}
{[%emt 00:00:07]} Bd5 {[%clk 00:03:38]} {[%emt 00:00:38]} 37. Nxd5 {[%clk
00:01:41]} {[%emt 00:00:07]} exd5 {[%clk 00:04:07]} {[%emt 00:00:01]} 38. Rxc6
{[%clk 00:01:03]} {[%emt 00:01:07]} Rcd8 {[%clk 00:00:49]} {[%emt 00:03:49]}
39. Rc7 {[%clk 00:00:48]} {[%emt 00:00:44]} Kg7 {[%clk 00:00:40]} {[%emt
00:00:38]} 40. Rxd7 {[%clk 00:00:41]} {[%emt 00:00:39]} Rxd7 {[%clk 00:01:09]}
{[%emt 00:00:01]} 41. Rc6 {[%clk 00:28:17]} {[%emt 00:02:53]} Kf6 {[%clk
00:28:50]} {[%emt 00:02:49]} 42. Kf2 {[%clk 00:27:21]} {[%emt 00:01:27]} Ke5
{[%clk 00:23:46]} {[%emt 00:05:34]} 43. Ke3 {[%clk 00:19:26]} {[%emt 00:08:24]}
g5 {[%clk 00:16:56]} {[%emt 00:07:20]} 44. g3 {[%clk 00:15:56]} {[%emt
00:04:00]} Rxd6 {[%clk 00:14:23]} {[%emt 00:03:03]} 45. f4+ {[%clk 00:13:08]}
{[%emt 00:03:18]} gxf4+ {[%clk 00:09:00]} {[%emt 00:05:54]} 46. gxf4+ {[%clk
00:13:32]} {[%emt 00:00:05]} Ke6 {[%clk 00:09:27]} {[%emt 00:00:03]} 47. Rxd6+
{[%clk 00:10:08]} {[%emt 00:03:54]} Kxd6 {[%clk 00:09:55]} {[%emt 00:00:02]}
48. Kd4 {[%clk 00:10:31]} {[%emt 00:00:07]} a5 {[%clk 00:05:05]} {[%emt
00:05:20]} 49. b3 {[%clk 00:09:19]} {[%emt 00:01:42]} Kc6 {[%clk 00:03:33]}
{[%emt 00:02:04]} 50. a3 {[%clk 00:09:27]} {[%emt 00:00:21]} h5 {[%clk
00:02:21]} {[%emt 00:01:42]} 51. h4 {[%clk 00:09:49]} {[%emt 00:00:07]} Kd6
{[%clk 00:02:05]} {[%emt 00:00:46]} 52. f5 {[%clk 00:08:40]} {[%emt 00:01:40]}
Kc6 {[%clk 00:02:22]} {[%emt 00:00:12]} 53. b4 {[%clk 00:08:30]} {[%emt
00:00:39]} a4 {[%clk 00:01:37]} {[%emt 00:01:16]} 54. Ke5 {[%clk 00:08:28]}
{[%emt 00:00:32]} f6+ {[%clk 00:01:52]} {[%emt 00:00:15]} 55. Kd4 {[%clk
00:08:50]} {[%emt 00:00:08]} Kd6 {[%clk 00:01:37]} {[%emt 00:00:45]} 56. b5
{[%clk 00:09:13]} {[%emt 00:00:07]} 1-0

[Event "ODJM A 2025"]
[Site "Willingen GER"]
[Date "2025.06.10"]
[Round "4"]
[White "Köhler, Lukas"]
[Black "Mimkes, Antal"]
[Result "1-0"]
[Termination "normal"]
[Board "3"]
[WhiteElo "2043"]
[BlackElo "2074"]
[WhiteClock "00:32:45"]
[BlackClock "00:20:26"]
[PlyCount "37"]
[WhiteFideId "16221990"]
[BlackFideId "16265963"]
[EventCountry "GER"]
[EventRounds "9"]
[EventType "swiss"]
[EventDate "2025.06.07"]

1. d4 {[%clk 01:30:53]} {[%emt 00:00:06]} Nf6 {[%clk 01:30:20]} {[%emt
00:00:40]} 2. c4 {[%clk 01:30:52]} {[%emt 00:00:31]} b6 {[%clk 01:30:40]}
{[%emt 00:00:09]} 3. Nc3 {[%clk 01:30:44]} {[%emt 00:00:38]} Bb7 {[%clk
01:30:44]} {[%emt 00:00:27]} 4. Qc2 {[%clk 01:30:10]} {[%emt 00:01:04]} d5
{[%clk 01:29:20]} {[%emt 00:01:54]} 5. cxd5 {[%clk 01:29:42]} {[%emt 00:00:58]}
Nxd5 {[%clk 01:29:37]} {[%emt 00:00:13]} 6. Nf3 {[%clk 01:29:06]} {[%emt
00:01:05]} e6 {[%clk 01:26:34]} {[%emt 00:03:34]} 7. e4 {[%clk 01:27:55]}
{[%emt 00:01:40]} Nb4 {[%clk 01:18:49]} {[%emt 00:08:16]} 8. Qb3 {[%clk
01:12:54]} {[%emt 00:15:30]} c5 {[%clk 01:17:30]} {[%emt 00:01:50]} 9. Be3
{[%clk 00:59:21]} {[%emt 00:14:03]} cxd4 {[%clk 00:58:26]} {[%emt 00:19:34]}
10. Nxd4 {[%clk 00:58:53]} {[%emt 00:00:57]} Be7 {[%clk 00:44:49]} {[%emt
00:14:08]} 11. Rd1 {[%clk 00:45:44]} {[%emt 00:13:38]} Nd7 {[%clk 00:35:41]}
{[%emt 00:09:37]} 12. Bb5 {[%clk 00:44:27]} {[%emt 00:01:47]} a6 {[%clk
00:21:26]} {[%emt 00:14:46]} 13. Nxe6 {[%clk 00:41:42]} {[%emt 00:03:15]} fxe6
{[%clk 00:20:00]} {[%emt 00:01:56]} 14. Rxd7 {[%clk 00:39:11]} {[%emt
00:03:00]} axb5 {[%clk 00:19:54]} {[%emt 00:00:36]} 15. Rxd8+ {[%clk 00:39:31]}
{[%emt 00:00:11]} Rxd8 {[%clk 00:20:21]} {[%emt 00:00:03]} 16. O-O {[%clk
00:38:22]} {[%emt 00:01:39]} Kf7 {[%clk 00:20:48]} {[%emt 00:00:03]} 17. a3
{[%clk 00:36:28]} {[%emt 00:02:24]} Nd3 {[%clk 00:20:37]} {[%emt 00:00:41]} 18.
Qxb5 {[%clk 00:35:19]} {[%emt 00:01:39]} Ba8 {[%clk 00:20:26]} {[%emt
00:00:41]} 19. Rd1 {[%clk 00:32:45]} {[%emt 00:03:03]} 1-0

[Event "ODJM A 2025"]
[Site "Willingen GER"]
[Date "2025.06.10"]
[Round "4"]
[White "Apel, Linus"]
[Black "Weber, Samuel"]
[Result "0-1"]
[Termination "normal"]
[Board "4"]
[BlackTitle "FM"]
[WhiteElo "1783"]
[BlackElo "2262"]
[WhiteClock "00:01:45"]
[BlackClock "00:13:23"]
[PlyCount "80"]
[WhiteFideId "16265785"]
[BlackFideId "12924008"]
[EventCountry "GER"]
[EventRounds "9"]
[EventType "swiss"]
[EventDate "2025.06.07"]

1. e4 {[%clk 01:30:57]} {[%emt 00:00:03]} c6 {[%clk 01:30:54]} {[%emt
00:00:05]} 2. d4 {[%clk 01:31:19]} {[%emt 00:00:10]} d5 {[%clk 01:31:14]}
{[%emt 00:00:08]} 3. Nc3 {[%clk 01:31:41]} {[%emt 00:00:09]} dxe4 {[%clk
01:31:38]} {[%emt 00:00:05]} 4. Nxe4 {[%clk 01:32:06]} {[%emt 00:00:06]} Nf6
{[%clk 01:31:59]} {[%emt 00:00:09]} 5. Nxf6+ {[%clk 01:32:27]} {[%emt
00:00:07]} exf6 {[%clk 01:31:09]} {[%emt 00:01:21]} 6. c3 {[%clk 01:32:44]}
{[%emt 00:00:14]} Bd6 {[%clk 01:31:30]} {[%emt 00:00:07]} 7. Bd3 {[%clk
01:33:10]} {[%emt 00:00:07]} O-O {[%clk 01:31:47]} {[%emt 00:00:10]} 8. Qc2
{[%clk 01:33:18]} {[%emt 00:00:23]} Re8+ {[%clk 01:31:12]} {[%emt 00:01:04]} 9.
Ne2 {[%clk 01:33:36]} {[%emt 00:00:13]} h5 {[%clk 01:29:54]} {[%emt 00:01:48]}
10. O-O {[%clk 01:32:03]} {[%emt 00:02:03]} h4 {[%clk 01:29:35]} {[%emt
00:00:49]} 11. h3 {[%clk 01:32:10]} {[%emt 00:00:23]} Nd7 {[%clk 01:29:59]}
{[%emt 00:00:06]} 12. Bf4 {[%clk 01:31:02]} {[%emt 00:01:38]} Nf8 {[%clk
01:30:23]} {[%emt 00:00:06]} 13. Bxd6 {[%clk 01:28:23]} {[%emt 00:03:09]} Qxd6
{[%clk 01:29:24]} {[%emt 00:01:29]} 14. Rad1 {[%clk 01:24:45]} {[%emt
00:04:08]} g6 {[%clk 01:28:24]} {[%emt 00:01:30]} 15. Qd2 {[%clk 01:21:02]}
{[%emt 00:04:14]} f5 {[%clk 01:07:40]} {[%emt 00:21:13]} 16. Qg5 {[%clk
00:58:46]} {[%emt 00:22:47]} Qd8 {[%clk 01:07:41]} {[%emt 00:00:28]} 17. Qxd8
{[%clk 00:58:18]} {[%emt 00:00:58]} Rxd8 {[%clk 01:08:10]} {[%emt 00:00:01]}
18. Rfe1 {[%clk 00:52:46]} {[%emt 00:06:02]} Kg7 {[%clk 01:06:42]} {[%emt
00:01:57]} 19. Nc1 {[%clk 00:50:00]} {[%emt 00:03:17]} Be6 {[%clk 01:04:41]}
{[%emt 00:02:31]} 20. Bc2 {[%clk 00:48:12]} {[%emt 00:02:18]} Bd5 {[%clk
00:59:29]} {[%emt 00:05:42]} 21. Nd3 {[%clk 00:37:46]} {[%emt 00:10:57]} Be4
{[%clk 00:50:46]} {[%emt 00:09:12]} 22. Bb3 {[%clk 00:37:33]} {[%emt 00:00:44]}
Bxd3 {[%clk 00:49:34]} {[%emt 00:01:42]} 23. Rxd3 {[%clk 00:38:01]} {[%emt
00:00:02]} Re8 {[%clk 00:49:54]} {[%emt 00:00:09]} 24. Rde3 {[%clk 00:37:59]}
{[%emt 00:00:33]} Rxe3 {[%clk 00:50:18]} {[%emt 00:00:06]} 25. Rxe3 {[%clk
00:38:27]} {[%emt 00:00:01]} Kf6 {[%clk 00:50:42]} {[%emt 00:00:06]} 26. Kf1
{[%clk 00:33:47]} {[%emt 00:05:10]} Nd7 {[%clk 00:49:34]} {[%emt 00:01:40]} 27.
Ke2 {[%clk 00:32:40]} {[%emt 00:01:35]} b5 {[%clk 00:47:17]} {[%emt 00:02:47]}
28. c4 {[%clk 00:17:47]} {[%emt 00:15:24]} a5 {[%clk 00:38:29]} {[%emt
00:09:17]} 29. cxb5 {[%clk 00:14:49]} {[%emt 00:03:29]} cxb5 {[%clk 00:37:47]}
{[%emt 00:01:12]} 30. Bd5 {[%clk 00:15:07]} {[%emt 00:00:12]} Ra6 {[%clk
00:30:58]} {[%emt 00:07:19]} 31. Rc3 {[%clk 00:12:24]} {[%emt 00:03:13]} Ke7
{[%clk 00:30:29]} {[%emt 00:00:59]} 32. Rc6 {[%clk 00:11:47]} {[%emt 00:01:08]}
Ra7 {[%clk 00:30:52]} {[%emt 00:00:06]} 33. Kd3 {[%clk 00:10:45]} {[%emt
00:01:32]} g5 {[%clk 00:23:08]} {[%emt 00:08:13]} 34. Bf3 {[%clk 00:08:49]}
{[%emt 00:02:27]} b4 {[%clk 00:12:44]} {[%emt 00:10:55]} 35. Kc4 {[%clk
00:06:19]} {[%emt 00:03:00]} Nf6 {[%clk 00:13:08]} {[%emt 00:00:04]} 36. Rc5
{[%clk 00:06:28]} {[%emt 00:00:22]} g4 {[%clk 00:13:33]} {[%emt 00:00:05]} 37.
Bd1 {[%clk 00:04:14]} {[%emt 00:02:44]} gxh3 {[%clk 00:13:03]} {[%emt
00:01:00]} 38. gxh3 {[%clk 00:04:43]} {[%emt 00:00:01]} Ne4 {[%clk 00:13:26]}
{[%emt 00:00:06]} 39. Re5+ {[%clk 00:01:54]} {[%emt 00:03:19]} Kf6 {[%clk
00:13:23]} {[%emt 00:00:33]} 40. Bg4 {[%clk 00:01:45]} {[%emt 00:00:40]} Rc7+
{[%emt 00:00:40]} 0-1

[Event "ODJM A 2025"]
[Site "Willingen GER"]
[Date "2025.06.10"]
[Round "4"]
[White "Hofmann, Lorenz"]
[Black "Martin Fernandez, Rafael"]
[Result "0-1"]
[Termination "normal"]
[Board "5"]
[WhiteElo "2104"]
[BlackElo "1965"]
[WhiteClock "00:02:01"]
[BlackClock "00:25:08"]
[PlyCount "80"]
[WhiteFideId "12995509"]
[BlackFideId "34605550"]
[EventCountry "GER"]
[EventRounds "9"]
[EventType "swiss"]
[EventDate "2025.06.07"]

1. d4 {[%clk 01:30:56]} {[%emt 00:00:02]} Nf6 {[%clk 01:30:18]} {[%emt
00:00:40]} 2. Nf3 {[%clk 01:31:21]} {[%emt 00:00:05]} d5 {[%clk 01:29:05]}
{[%emt 00:01:42]} 3. c4 {[%clk 01:31:47]} {[%emt 00:00:05]} c6 {[%clk
01:28:32]} {[%emt 00:01:03]} 4. Nc3 {[%clk 01:32:02]} {[%emt 00:00:16]} dxc4
{[%clk 01:28:21]} {[%emt 00:00:41]} 5. a4 {[%clk 01:30:03]} {[%emt 00:02:28]}
Bf5 {[%clk 01:28:00]} {[%emt 00:00:50]} 6. e3 {[%clk 01:29:53]} {[%emt
00:00:40]} e6 {[%clk 01:26:48]} {[%emt 00:01:43]} 7. Bxc4 {[%clk 01:30:06]}
{[%emt 00:00:16]} Bb4 {[%clk 01:27:00]} {[%emt 00:00:19]} 8. O-O {[%clk
01:28:08]} {[%emt 00:02:28]} Nbd7 {[%clk 01:27:05]} {[%emt 00:00:24]} 9. Bd2
{[%clk 01:15:43]} {[%emt 00:12:55]} a5 {[%clk 01:24:17]} {[%emt 00:03:19]} 10.
Re1 {[%clk 01:09:04]} {[%emt 00:07:09]} O-O {[%clk 01:22:30]} {[%emt 00:02:16]}
11. h3 {[%clk 01:03:47]} {[%emt 00:05:47]} Qc7 {[%clk 01:19:09]} {[%emt
00:03:50]} 12. Nh4 {[%clk 00:58:18]} {[%emt 00:06:00]} Nb6 {[%clk 01:14:23]}
{[%emt 00:05:16]} 13. Bf1 {[%clk 00:52:32]} {[%emt 00:06:17]} Rfe8 {[%clk
01:09:54]} {[%emt 00:04:59]} 14. g4 {[%clk 00:32:19]} {[%emt 00:20:42]} Bg6
{[%clk 01:05:39]} {[%emt 00:04:44]} 15. Nxg6 {[%clk 00:32:46]} {[%emt
00:00:04]} hxg6 {[%clk 01:06:01]} {[%emt 00:00:07]} 16. Ne2 {[%clk 00:31:48]}
{[%emt 00:01:29]} Bd6 {[%clk 01:03:50]} {[%emt 00:02:41]} 17. Bg2 {[%clk
00:29:19]} {[%emt 00:02:59]} e5 {[%clk 01:01:57]} {[%emt 00:02:23]} 18. Qc2
{[%clk 00:24:34]} {[%emt 00:05:15]} Nfd5 {[%clk 00:59:18]} {[%emt 00:03:09]}
19. Red1 {[%clk 00:23:01]} {[%emt 00:02:04]} Qe7 {[%clk 00:53:53]} {[%emt
00:05:54]} 20. Bc3 {[%clk 00:20:28]} {[%emt 00:03:03]} e4 {[%clk 00:52:44]}
{[%emt 00:01:39]} 21. Be1 {[%clk 00:16:09]} {[%emt 00:04:48]} f5 {[%clk
00:48:53]} {[%emt 00:04:22]} 22. Nc3 {[%clk 00:15:09]} {[%emt 00:01:31]} Nb4
{[%clk 00:43:22]} {[%emt 00:06:00]} 23. Qb3+ {[%clk 00:14:03]} {[%emt
00:01:36]} Kh8 {[%clk 00:41:51]} {[%emt 00:02:01]} 24. Na2 {[%clk 00:13:07]}
{[%emt 00:01:26]} N4d5 {[%clk 00:40:38]} {[%emt 00:01:43]} 25. Nc3 {[%clk
00:13:26]} {[%emt 00:00:11]} Bc7 {[%clk 00:40:02]} {[%emt 00:01:06]} 26. Nxd5
{[%clk 00:13:40]} {[%emt 00:00:16]} Nxd5 {[%clk 00:40:03]} {[%emt 00:00:29]}
27. Rdc1 {[%clk 00:06:24]} {[%emt 00:07:47]} Qd6 {[%clk 00:37:15]} {[%emt
00:03:16]} 28. Bd2 {[%clk 00:06:10]} {[%emt 00:00:45]} Qh2+ {[%clk 00:36:37]}
{[%emt 00:01:07]} 29. Kf1 {[%clk 00:06:39]} Rf8 {[%clk 00:34:18]} {[%emt
00:02:49]} 30. g5 {[%clk 00:02:36]} {[%emt 00:04:34]} Rae8 {[%clk 00:33:05]}
{[%emt 00:01:43]} 31. Rc5 {[%clk 00:02:44]} {[%emt 00:00:22]} f4 {[%clk
00:32:34]} {[%emt 00:01:01]} 32. exf4 {[%clk 00:03:08]} {[%emt 00:00:06]} Bxf4
{[%clk 00:29:08]} {[%emt 00:03:55]} 33. Rxd5 {[%clk 00:02:39]} {[%emt
00:01:00]} cxd5 {[%clk 00:28:27]} {[%emt 00:01:10]} 34. Be3 {[%clk 00:02:16]}
{[%emt 00:00:53]} Bg3 {[%clk 00:27:31]} {[%emt 00:01:27]} 35. Re1 {[%clk
00:02:05]} {[%emt 00:00:41]} Rf3 {[%clk 00:25:51]} {[%emt 00:02:09]} 36. Qxd5
{[%clk 00:01:39]} {[%emt 00:00:57]} Ref8 {[%clk 00:24:57]} {[%emt 00:01:25]}
37. Re2 {[%clk 00:00:57]} {[%emt 00:01:12]} Rxe3 {[%clk 00:24:22]} {[%emt
00:01:04]} 38. Rxe3 {[%clk 00:01:09]} {[%emt 00:00:18]} Rxf2+ {[%clk 00:24:45]}
{[%emt 00:00:07]} 39. Ke1 {[%clk 00:01:35]} {[%emt 00:00:04]} Qg1+ {[%clk
00:25:08]} {[%emt 00:00:06]} 40. Bf1 {[%clk 00:02:01]} {[%emt 00:00:05]} Qxf1#
{[%emt 00:00:03]} 0-1

[Event "ODJM A 2025"]
[Site "Willingen GER"]
[Date "2025.06.10"]
[Round "4"]
[White "Mehner, Lorenz"]
[Black "Menzel, Maximilian"]
[Result "1/2-1/2"]
[Termination "normal"]
[Board "6"]
[WhiteElo "2001"]
[BlackElo "2199"]
[WhiteClock "00:02:24"]
[BlackClock "00:12:37"]
[PlyCount "101"]
[WhiteFideId "16293096"]
[BlackFideId "34617280"]
[EventCountry "GER"]
[EventRounds "9"]
[EventType "swiss"]
[EventDate "2025.06.07"]

1. d4 {[%clk 01:30:52]} {[%emt 00:00:10]} Nf6 {[%clk 01:30:54]} {[%emt
00:00:06]} 2. c4 {[%clk 01:31:06]} {[%emt 00:00:14]} e6 {[%clk 01:31:20]}
{[%emt 00:00:04]} 3. Nc3 {[%clk 01:31:30]} {[%emt 00:00:06]} Bb4 {[%clk
01:31:44]} {[%emt 00:00:07]} 4. e3 {[%clk 01:31:55]} {[%emt 00:00:05]} O-O
{[%clk 01:32:03]} {[%emt 00:00:11]} 5. Nge2 {[%clk 01:32:19]} {[%emt 00:00:05]}
Re8 {[%clk 01:32:18]} {[%emt 00:00:16]} 6. a3 {[%clk 01:31:38]} {[%emt
00:01:12]} Bf8 {[%clk 01:32:41]} {[%emt 00:00:07]} 7. Nf4 {[%clk 01:20:48]}
{[%emt 00:11:19]} d6 {[%clk 01:32:37]} {[%emt 00:00:34]} 8. Be2 {[%clk
01:19:51]} {[%emt 00:01:27]} e5 {[%clk 01:31:27]} {[%emt 00:01:40]} 9. dxe5
{[%clk 01:18:31]} {[%emt 00:01:50]} dxe5 {[%clk 01:31:37]} {[%emt 00:00:20]}
10. Qxd8 {[%clk 01:17:04]} {[%emt 00:01:56]} Rxd8 {[%clk 01:32:03]} {[%emt
00:00:05]} 11. Nfd5 {[%clk 01:15:59]} {[%emt 00:01:35]} Ne8 {[%clk 01:32:17]}
{[%emt 00:00:16]} 12. O-O {[%clk 01:11:30]} {[%emt 00:05:00]} c6 {[%clk
01:21:51]} {[%emt 00:10:56]} 13. Nb4 {[%clk 01:10:46]} {[%emt 00:01:13]} Be6
{[%clk 01:18:22]} {[%emt 00:03:59]} 14. b3 {[%clk 01:04:19]} {[%emt 00:06:57]}
Nd7 {[%clk 01:14:56]} {[%emt 00:03:56]} 15. Nd3 {[%clk 01:02:18]} {[%emt
00:02:30]} a5 {[%clk 01:10:04]} {[%emt 00:05:23]} 16. Rd1 {[%clk 01:00:08]}
{[%emt 00:02:40]} Nc7 {[%clk 01:08:36]} {[%emt 00:01:59]} 17. Rb1 {[%clk
00:42:08]} {[%emt 00:18:30]} Na6 {[%clk 01:04:59]} {[%emt 00:04:07]} 18. Ne1
{[%clk 00:30:02]} {[%emt 00:12:35]} f6 {[%clk 00:54:05]} {[%emt 00:11:25]} 19.
Nc2 {[%clk 00:27:41]} {[%emt 00:02:50]} Nb6 {[%clk 00:50:25]} {[%emt 00:04:11]}
20. Rxd8 {[%clk 00:23:57]} {[%emt 00:04:13]} Rxd8 {[%clk 00:50:50]} {[%emt
00:00:05]} 21. e4 {[%clk 00:21:43]} {[%emt 00:02:45]} Rd7 {[%clk 00:40:35]}
{[%emt 00:10:45]} 22. Be3 {[%clk 00:17:16]} {[%emt 00:04:57]} Bc5 {[%clk
00:39:39]} {[%emt 00:01:26]} 23. Bxc5 {[%clk 00:12:45]} {[%emt 00:05:01]} Nxc5
{[%clk 00:40:01]} {[%emt 00:00:08]} 24. Ne3 {[%clk 00:11:49]} {[%emt 00:01:25]}
Rd4 {[%clk 00:26:47]} {[%emt 00:13:44]} 25. f3 {[%clk 00:10:45]} {[%emt
00:01:35]} Kf7 {[%clk 00:23:02]} {[%emt 00:04:15]} 26. Nc2 {[%clk 00:04:44]}
{[%emt 00:06:31]} Rd2 {[%clk 00:22:18]} {[%emt 00:01:14]} 27. Ne3 {[%clk
00:04:09]} {[%emt 00:01:04]} Ke8 {[%clk 00:18:59]} {[%emt 00:03:49]} 28. b4
{[%clk 00:01:22]} {[%emt 00:03:18]} Nca4 {[%clk 00:14:14]} {[%emt 00:05:14]}
29. Rd1 {[%clk 00:00:33]} {[%emt 00:01:19]} Rb2 {[%clk 00:07:35]} {[%emt
00:07:09]} 30. Rb1 {[%clk 00:01:02]} {[%emt 00:00:01]} axb4 {[%clk 00:05:05]}
{[%emt 00:03:00]} 31. axb4 {[%clk 00:01:30]} {[%emt 00:00:02]} Rd2 {[%clk
00:01:57]} {[%emt 00:03:39]} 32. Rd1 {[%clk 00:01:36]} {[%emt 00:00:23]} Rd4
{[%clk 00:01:24]} {[%emt 00:01:03]} 33. Rxd4 {[%clk 00:00:43]} {[%emt
00:01:23]} exd4 {[%clk 00:01:44]} {[%emt 00:00:11]} 34. Nxa4 {[%clk 00:01:11]}
{[%emt 00:00:01]} Nxa4 {[%clk 00:02:00]} {[%emt 00:00:14]} 35. Nc2 {[%clk
00:01:26]} {[%emt 00:00:15]} d3 {[%clk 00:01:24]} {[%emt 00:01:06]} 36. Bxd3
{[%clk 00:01:24]} {[%emt 00:00:32]} Nb2 {[%clk 00:01:43]} {[%emt 00:00:12]} 37.
Be2 {[%clk 00:01:09]} {[%emt 00:00:45]} Bxc4 {[%clk 00:01:58]} {[%emt
00:00:14]} 38. Kf2 {[%clk 00:01:13]} {[%emt 00:00:26]} Kd7 {[%clk 00:01:49]}
{[%emt 00:00:39]} 39. Nd4 {[%clk 00:00:49]} {[%emt 00:00:55]} g6 {[%clk
00:00:59]} {[%emt 00:01:19]} 40. Ke3 {[%clk 00:00:41]} {[%emt 00:00:38]} Bf7
{[%clk 00:00:33]} {[%emt 00:00:56]} 41. Nc2 {[%clk 00:28:29]} {[%emt 00:02:42]}
Kd6 {[%emt 00:03:21]} 42. Kd4 {[%clk 00:25:18]} {[%emt 00:03:24]} b6 {[%clk
00:27:56]} {[%emt 00:00:33]} 43. Ne3 {[%clk 00:23:01]} {[%emt 00:02:46]} Be6
{[%clk 00:24:02]} {[%emt 00:04:25]} 44. f4 {[%clk 00:13:07]} {[%emt 00:10:24]}
c5+ {[%clk 00:23:18]} {[%emt 00:01:15]} 45. bxc5+ {[%clk 00:13:15]} {[%emt
00:00:21]} bxc5+ {[%clk 00:23:47]} {[%emt 00:00:02]} 46. Kc3 {[%clk 00:13:23]}
{[%emt 00:00:21]} Na4+ {[%clk 00:24:03]} {[%emt 00:00:14]} 47. Kd2 {[%clk
00:11:45]} {[%emt 00:02:08]} Nb6 {[%clk 00:24:03]} {[%emt 00:00:29]} 48. Kc3
{[%clk 00:07:46]} {[%emt 00:04:29]} g5 {[%clk 00:18:46]} {[%emt 00:05:47]} 49.
e5+ {[%clk 00:02:39]} {[%emt 00:05:38]} fxe5 {[%clk 00:19:02]} {[%emt
00:00:14]} 50. fxg5 {[%clk 00:02:55]} {[%emt 00:00:15]} e4 {[%clk 00:12:37]}
{[%emt 00:06:55]} 51. h4 {[%clk 00:02:24]} {[%emt 00:01:00]} 1/2-1/2